000 00600nam a2200193Ia 4500
003 GCL
008 140319s9999 xx 000 0 ara d
040 _aGCL /
_cGCL
082 0 4 _a820.5
_bط م
100 1 _aطه محمود طه
245 1 0 _aموسوعة جيمس جويس: حياته وفنه ودراسات لاعماله /
_cطه محمود طه
300 _a660 ص
490 _a
650 0 4 _aالادباء الانجليزيون
650 0 4 _aالادب الانجليزى المترجم
650 0 4 _aالانجليز - تراجم
650 0 4 _aجيمس جويس
942 _2ddc
_cBK
999 _c38553
_d38553